[Event "Charlotte op"]
[Site "Charlotte"]
[Date "2024.01.14"]
[Round "2"]
[White "Schmitz, David"]
[Black "Parker, Anthony"]
[Result "0-1"]
[WhiteElo "1957"]
[BlackElo "1909"]
[PlyCount "64"]
[EventDate "2024.01.05"]
[EventType "swiss"]
[EventRounds "6"]
[EventCountry "USA"]
[SourceTitle "CBM 218 Extra"]
[Source "ChessBase"]
[SourceDate "2024.03.31"]
[SourceVersion "1"]
[SourceVersionDate "2024.03.31"]
[SourceQuality "1"]

1. e4 e5 2. Nf3 Nc6 3. Bb5 f5 4. d3 fxe4 5. dxe4 Nf6 6. 0-0 d6 7. Re1 Be7 8. Nc3 0-0 9. Bc4+ Kh8 10. Ng5 Qe8 11. Ne6 Bxe6 12. Bxe6 Nd4 13. Bc4 Qg6 14. Re3 Ng4 15. Rg3 Nxf2 16. Rxg6 Nxd1 17. Rg4 Nf2 18. Nd5 Nxg4 19. Nxe7 Nxc2 20. Rb1 Nge3 21. Bd3 Rae8 22. Nd5 Nxd5 23. Bxc2 Nf4 24. Bd1 d5 25. g3 Nh3+ 26. Kg2 Nf2 27. Ba4 Nxe4 28. Bxe8 Rxe8 29. Be3 d4 30. Bg1 c5 31. b4 c4 32. Re1 Nd6 0-1